[Event "Salekhard (Women)"]
[Site "Salekhard"]
[Date "2008.12.06"]
[Round "8"]
[White "Goreskul, Alyona"]
[Black "Karpova, Elena"]
[Result "1-0"]
[WhiteElo "2222"]
[BlackElo "2166"]
[PlyCount "109"]
[EventDate "2008.11.29"]
[EventType "tourn"]
[EventRounds "9"]
[EventCountry "RUS"]
[SourceTitle "CBM 127 Extra"]
[Source "ChessBase"]
[SourceDate "2009.01.08"]
[SourceVersion "2"]
[SourceVersionDate "2009.01.28"]
[SourceQuality "1"]

1. e4 d5 2. exd5 Qxd5 3. Nc3 Qa5 4. Bc4 Nf6 5. d3 c6 6. Qe2 Bf5 7. Nf3 Nbd7 8. Bd2 Qc7 9. Nh4 Bg6 10. a4 e6 11. h3 Bd6 12. 0-0 0-0-0 13. f4 Nb6 14. Bb3 Nbd5 15. Qf3 Nxc3 16. Bxc3 Nh5 17. g3 Be7 18. Ng2 Nf6 19. a5 h6 20. Ne3 Rhg8 21. Be5 Qd7 22. a6 b6 23. Ba4 Nd5 24. Nxd5 exd5 25. f5 Bh7 26. c4 f6 27. Bc3 Qc7 28. cxd5 Rxd5 29. g4 Rgd8 30. d4 g6 31. Bb3 gxf5 32. Bxd5 Rxd5 33. gxf5 Rxf5 34. Qe3 Rg5+ 35. Kf2 Qd6 36. Ke1 f5 37. Qf4 Qe6+ 38. Qe5 Qxe5+ 39. dxe5 Rg3 40. Ke2 Bc5 41. h4 Bg6 42. Rae1 Kd7 43. Kd2 Ke6 44. b4 Be7 45. Rf4 b5 46. Ref1 c5 47. bxc5 Bxc5 48. R1f3 Rg2+ 49. Kc1 Ba3+ 50. Kb1 b4 51. Bd4 Bh5 52. Rf2 Rg7 53. Rd2 Rc7 54. Rc2 Rc6 55. Rxc6+ 1-0

[Event "Salekhard (Women)"]
[Site "Salekhard"]
[Date "2008.12.05"]
[Round "7"]
[White "Turova, Irina"]
[Black "Karpova, Elena"]
[Result "1-0"]
[WhiteElo "2381"]
[BlackElo "2166"]
[PlyCount "69"]
[EventDate "2008.11.29"]
[EventType "tourn"]
[EventRounds "9"]
[EventCountry "RUS"]
[SourceTitle "CBM 127 Extra"]
[Source "ChessBase"]
[SourceDate "2009.01.08"]
[SourceVersion "2"]
[SourceVersionDate "2009.01.28"]
[SourceQuality "1"]

1. d4 d5 2. c4 e6 3. Nc3 c6 4. Nf3 Nf6 5. Qd3 dxc4 6. Qxc4 b5 7. Qd3 b4 8. Na4 Qd5 9. g3 Ba6 10. Qc2 Be7 11. Bg2 0-0 12. Be3 Nbd7 13. 0-0 Qc4 14. Qxc4 Bxc4 15. Rfe1 Rac8 16. b3 Bb5 17. Nb2 Rfd8 18. Nc4 Nd5 19. Bg5 Bxg5 20. Nxg5 N7b6 21. Na5 Nc3 22. e3 Rd7 23. Nf3 f6 24. a3 bxa3 25. Rxa3 g5 26. b4 Ncd5 27. Rb1 g4 28. Nd2 e5 29. Nab3 Nc3 30. Rba1 exd4 31. Nxd4 Ncd5 32. Rxa7 Nxb4 33. Ne4 N4d5 34. Rxd7 Nxd7 35. Nd6 1-0